| 000 | 00488 a2200193 4500 | ||
|---|---|---|---|
| 005 | 20260428143726.0 | ||
| 008 | 260428b |||||||| |||| 00| 0 eng d | ||
| 020 |
_a9789354424540 _cRs. 945.00 |
||
| 040 | _aMAIN | ||
| 082 |
_a306.7 _bA67A |
||
| 100 | _aArondekar, Anjali | ||
| 245 | _aAbundance: Sexuality's history | ||
| 260 |
_bOrient BlackSwan _c2023 _aHyderabad |
||
| 300 | _a166 | ||
| 650 | _aSocial Sciences | ||
| 650 | _aCulture | ||
| 650 | _aSexual Problems | ||
| 942 | _cBK | ||
| 999 |
_c395243 _d395243 |
||